Las libertades fundamentales y la ética (diálogo entre médicos y abogados) /
সংরক্ষণ করুন:
| প্রধান লেখক: | |
|---|---|
| সংস্থা লেখক: | |
| অন্যান্য লেখক: | |
| বিন্যাস: | বৈদ্যুতিন গ্রন্থ |
| ভাষা: | স্প্যানিশ |
| প্রকাশিত: |
La Plata, Argentina :
Librería Editora Platense,
1992.
|
| বিষয়গুলি: | |
| অনলাইন ব্যবহার করুন: | https://elibro.unach.elogim.com/es/lc/unach/titulos/66563 |
| ট্যাগগুলো: |
ট্যাগ যুক্ত করুন
কোনো ট্যাগ নেই, প্রথমজন হিসাবে ট্যাগ করুন!
|
MARC
| LEADER | 00000nam a2200000 a 4500 | ||
|---|---|---|---|
| 001 | ELB66563 | ||
| 003 | FlNmELB | ||
| 006 | m o d | | ||
| 007 | cr cn||||||||| | ||
| 008 | 201007r1992 ag |||||s|||||||||||spa d | ||
| 020 | |z 9789505360482 | ||
| 035 | |a (MiAaPQ)EBC3188955 | ||
| 035 | |a (Au-PeEL)EBL3188955 | ||
| 035 | |a (CaPaEBR)ebr10390093 | ||
| 035 | |a (OCoLC)1105915756 | ||
| 040 | |a FlNmELB |b spa |c FlNmELB | ||
| 050 | 4 | |a BJ1725 |b M842 1992 | |
| 080 | |a 174 | ||
| 082 | 0 | 4 | |a 174 |2 22 |
| 100 | 1 | |a Morello, Augusto M. | |
| 245 | 1 | 4 | |a Las libertades fundamentales y la ética |h [recurso electronico] : |b (diálogo entre médicos y abogados) / |c Augusto M. Morello, Guillermo C. Morello. |
| 260 | |a La Plata, Argentina : |b Librería Editora Platense, |c 1992. | ||
| 300 | |a 104 p. | ||
| 533 | |a Recurso electrónico. Santa Fe, Arg.: e-libro, 2015. Disponible vía World Wide Web. El acceso puede estar limitado para las bibliotecas afiliadas a e-libro. | ||
| 650 | 4 | |a Etica profesional. | |
| 650 | 4 | |a Professional ethics. | |
| 655 | 4 | |a Libros electrónicos. | |
| 700 | 1 | |a Morello, Guillermo C. | |
| 710 | 2 | |a e-libro, Corp. | |
| 856 | 4 | 0 | |u https://elibro.unach.elogim.com/es/lc/unach/titulos/66563 |